Les secrets de l'oreiller / (Record no. 165877)

MARC details
000 -LEADER
campo de control de longitud fija 00594nam a2200181 i 4500
001 - NÚMERO DE CONTROL
campo de control 165877
003 - IDENTIFICADOR DE NÚMERO DE CONTROL
campo de control ES-MaACL
005 - FECHA Y HORA DE LA ÚLTIMA TRANSACCIÓN
campo de control 20251014063242.0
008 - DATOS DE LONGITUD FIJA--INFORMACIÓN GENERAL
campo de control de longitud fija 050906s1861 fr |||| | fre d
100 1# - ENTRADA PRINCIPAL--NOMBRE DE PERSONA
Nombre de persona Sue, Eugène,
Fechas asociadas al nombre 1804-1857
9 (RLIN) 132950
245 14 - MENCIÓN DEL TÍTULO
Título Les secrets de l'oreiller /
Mención de responsabilidad, etc. par Eugène Sue.
260 ## - PUBLICACIÓN, DISTRIBUCIÓN, ETC.
Lugar de publicación, distribución, etc. Paris :
Nombre del editor, distribuidor, etc. Michel lévy Frères,
Fecha de publicación, distribución, etc. 1861 (
Lugar de fabricación/manufactura Coulommiers :
Fabricante Imp. de A. Moussin)
300 ## - DESCRIPCIÓN FÍSICA
Extensión 307 p. ;
Dimensiones 18 cm.
490 1# - MENCIÓN DE SERIE
Mención de serie Collection Michel Lévy
830 00 - PUNTO DE ACCESO ADICIONAL DE SERIE-TÍTULO UNIFORME
Título uniforme Collection Michel Lévy
9 (RLIN) 182425
852 ## - LOCALIZACIÓN
Ubicación ES-MaACL
Número de control de estantería D-2135
Nota libre - Enc. hol.
Holdings
Estatus retirado Estado de pérdida Estado de daño No para préstamo Colección Biblioteca de origen Biblioteca actual Ubicación en estantería Fecha de adquisición Fuente de adquisición Total de préstamos Signatura topográfica completa Código de barras Visto por última vez Precio de reemplazo Tipo de ítem Koha
        Libros del s. XIX Biblioteca del Ateneo de Madrid Biblioteca del Ateneo de Madrid Sala Valle Inclán 17/01/2008     D-2135 901173955 23/02/2023 23/02/2023 Libro impreso antiguo